000 00361 a2200169 4500
001 70340
020 _a8526256416
040 _cAnchieta - Itaigara
100 _aShelley, Mary
240 1 0 _aFrankesntein
_lpor
245 1 0 _aFrankesntein
300 _a46[1p.]
362 0 _a2004
440 1 _aScipione
650 4 _aLiteratura infanto-juvenil
942 _cBK
999 _c70340
_d70340